000 00378nam a2200157Ia 4500
008 151213s9999 xx 000 0 und d
020 _a0-14-3098-0
100 _aEdward W.Said
245 _aOrientation
_cEdward W.Said
260 _aNew Delhi
_bPenguing Books
_c1995
300 _a7145 p.
650 _aEnglish
650 _aEnglish
700 _aEdward W.Said
999 _c3788
_d3788